<?xml version="1.0" encoding="UTF-8"?>
<collection xmlns="http://www.loc.gov/MARC21/slim">
  <record>
    <leader>00000nam  2200000   4500</leader>
    <controlfield tag="001">INLIS000000000019012</controlfield>
    <controlfield tag="005">20250123103212</controlfield>
    <datafield tag="035" ind1="#" ind2="#">
      <subfield code="a">0010-0125000156</subfield>
    </datafield>
    <controlfield tag="007">ta</controlfield>
    <controlfield tag="008">250123################g##########0#ind##</controlfield>
    <datafield tag="020" ind1="#" ind2="#">
      <subfield code="a">978-979-662-907-7</subfield>
    </datafield>
    <datafield tag="082" ind1="#" ind2="#">
      <subfield code="a">321</subfield>
    </datafield>
    <datafield tag="084" ind1="#" ind2="#">
      <subfield code="a">321 YUD b</subfield>
    </datafield>
    <datafield tag="100" ind1=" " ind2="#">
      <subfield code="a">Yudi Suparyanto</subfield>
    </datafield>
    <datafield tag="245" ind1="1" ind2="#">
      <subfield code="a">Bentuk-Bentuk Pemerintahan Di Dunia /</subfield>
      <subfield code="c">Yudi Suparyanto</subfield>
    </datafield>
    <datafield tag="260" ind1="#" ind2="#">
      <subfield code="a">Klaten :</subfield>
      <subfield code="b">Cempaka Putih,</subfield>
      <subfield code="c">2018</subfield>
    </datafield>
    <datafield tag="300" ind1="#" ind2="#">
      <subfield code="a">iv, 52 hlm. :</subfield>
      <subfield code="b">ill. ;</subfield>
      <subfield code="c">1.1 MB</subfield>
    </datafield>
    <datafield tag="650" ind1="#" ind2="4">
      <subfield code="a">Bentuk Pemerintahan</subfield>
    </datafield>
    <datafield tag="520" ind1="#" ind2="#">
      <subfield code="a">Buku yang berjudul BENTUK-BENTUK PEMERINTAHAN DI DUNIA ini mencoba mengangkat beberapa konsep pokok tentang bentuk-bentuk pemerintahan. Diawali dengan Bab I pendahuluan yang berisi pengertian pemerintahan, negara dan sistem pemerintahan. Pada Bab II disajikan beberapa negara yang mewakili bentuk pemerintahan yang ada. Pada Bab III mengupas tentang negara Indonesia secara khusus untuk lebih memudahkan pembaca dalam memahami konsep materinya, sedangkan pada Bab IV penutup. Kami menyadari buku ini masih jauh dari sempurna. Oleh karena itu, kami membuka diri untuk menerima kritik dan saran demi sempurnanya buku ini.</subfield>
    </datafield>
    <datafield tag="856" ind1="#" ind2="#">
      <subfield code="a">https://web-ipustakalan.moco.co.id/book/bb685102-9167-483d-9c20-f8b09e350194</subfield>
    </datafield>
    <datafield tag="990" ind1="#" ind2="#">
      <subfield code="a">2024/4/A/0061</subfield>
    </datafield>
    <datafield tag="990" ind1="#" ind2="#">
      <subfield code="a">2024/4/A/0062</subfield>
    </datafield>
  </record>
</collection>
